000 00804nam a2200193Ia 4500
008 0000002002 pr a 0000000000spa00
090 _aPUS00 J11d
100 1 _aJacobson, Diego
_d1964
245 1 0 _aDiego Jacobson
_b: eclectic, color vibrations
300 _a1 plegable [6] p.
_c/ 20 cm.
500 _aExposición realizada en la Galería de la Calle de Cristo, San Juan (Puerto Rico), 2002 \ Con el patronazgo del maestro venezolano Jesús Rafael Soto (q.e.p.d.)
600 0 0 _aJACOBSON, DIEGO, 1964 /
_xTRABAJOS PICTORICOS
650 1 4 _aARTE CONTEMPORANEO ESTADOUNIDENSE
650 1 4 _xCATALOGOS
650 1 4 _xEXPOSICIONES
650 1 4 _aPINTORES ESTADOUNIDENSES
650 1 4 _aPINTURA ESTADOUNIDENSE
999 _c2009
_d2009
260 _aSan Juan (Puerto Rcio ) : La Galería de la Calle de Cristo
_c2002